Detalles MARC
| 000 -LEADER |
| fixed length control field |
02792nam a2200433Ii 4500 |
| 001 - CONTROL NUMBER |
| control field |
DIGBN02661 |
| 003 - CONTROL NUMBER IDENTIFIER |
| control field |
NyNyDIG |
| 006 - FIXED-LENGTH DATA ELEMENTS--ADDITIONAL MATERIAL CHARACTERISTICS |
| fixed length control field |
m o d |
| 007 - PHYSICAL DESCRIPTION FIXED FIELD--GENERAL INFORMATION |
| fixed length control field |
cr ||||||||||| |
| 008 - FIXED-LENGTH DATA ELEMENTS--GENERAL INFORMATION |
| fixed length control field |
100625s2007 sp ob 000 0bspa d |
| 020 ## - INTERNATIONAL STANDARD BOOK NUMBER |
| Canceled/invalid ISBN |
8497427521 |
| 020 ## - INTERNATIONAL STANDARD BOOK NUMBER |
| Canceled/invalid ISBN |
9788497427524 |
| 040 ## - CATALOGING SOURCE |
| Original cataloging agency |
DGITA |
| Language of cataloging |
eng |
| Description conventions |
pn |
| Transcribing agency |
DGITA |
| 043 ## - GEOGRAPHIC AREA CODE |
| Geographic area code |
e-sp--- |
| 050 04 - LIBRARY OF CONGRESS CALL NUMBER |
| Classification number |
DP236.S3 eBook |
| 245 00 - TITLE STATEMENT |
| Title |
Nicolás Salmerón y el republicanismo parlamentario / |
| Statement of responsibility, etc. |
Fernando Martínez López (Ed.). |
| 264 #1 - PRODUCTION, PUBLICATION, DISTRIBUTION, MANUFACTURE, AND COPYRIGHT NOTICE |
| Place of production, publication, distribution, manufacture |
Madrid : |
| Name of producer, publisher, distributor, manufacturer |
Biblioteca Nueva, |
| Date of production, publication, distribution, manufacture, or copyright notice |
c2007. |
| 300 ## - PHYSICAL DESCRIPTION |
| Extent |
1 online resource (304 pages) |
| 336 ## - CONTENT TYPE |
| Content type term |
text |
| Content type code |
txt |
| Source |
rdacontent |
| 337 ## - MEDIA TYPE |
| Media type term |
computer |
| Media type code |
c |
| Source |
rdamedia |
| 338 ## - CARRIER TYPE |
| Carrier type term |
online resource |
| Carrier type code |
cr |
| Source |
rdacarrier |
| 490 1# - SERIES STATEMENT |
| Series statement |
Colección Historia Biblioteca Nueva |
| 504 ## - BIBLIOGRAPHY, ETC. NOTE |
| Bibliography, etc. note |
Includes bibliographical references (p. 321-333). |
| 505 0# - FORMATTED CONTENTS NOTE |
| Formatted contents note |
Presentación -- 1. De la subversión a la política / Carlos Dardé -- 2. Nicolás Salmerón y Alonso y el centrismo republicano / Juan Manuel Díaz Sánchez -- 3. La filosofía del sexenio democrático (1868-1874) / Antonio Heredia Soriano -- 4. Las enseñanzas del exilio. Nicolás Salmerón en París (1876-1885) / Fernando Martínez López -- 5. Republicanismo federal y Salmerón: encuentros y desencuentros / Per e Gabriel. -- 6. La unión republicana de 1903 ¿eslabón o gozne? / Ángel Duarte -- 7. Krausismo e institucionismo en los márgenes de la vida política / Octavio Ruiz-Manjón -- 8. El institucionismo y la cultura política republicana en la Restauración / Manuel Suárez Cortina -- 9. Una interpretación republicana del siglo xrx. La "Historia de la Revolución española" de V. Blasco-Ibáñez / Ramiro Reig -- 10. El republicanismo en Andalucía hasta la Segunda República (1868-1931) / Fernando Arcas Cubero -- 11. Republicanismo y masonería en Andalucía. Una aproximación / Leandro Álvarez Rey -- 12. Rendimientos políticos del republicanismo en la actualidad / Ramón Vargas-Machuca Ortega -- 13. Republicanismo y corporatismo / Manuel Pérez Yruela -- Índice onomástico. |
| 600 10 - SUBJECT ADDED ENTRY--PERSONAL NAME |
| Personal name |
Salmerón y Alonso, Nicolás, |
| Dates associated with a name |
1838-1908 |
| General subdivision |
Political and social views. |
| 600 10 - SUBJECT ADDED ENTRY--PERSONAL NAME |
| Personal name |
Salmerón y Alonso, Nicolás, |
| Dates associated with a name |
1838-1908 |
| General subdivision |
Philosophy. |
| 650 #0 - SUBJECT ADDED ENTRY--TOPICAL TERM |
| Topical term or geographic name entry element |
Political science |
| Geographic subdivision |
Spain. |
| 650 #0 - SUBJECT ADDED ENTRY--TOPICAL TERM |
| Topical term or geographic name entry element |
Republicanism |
| Geographic subdivision |
Spain. |
| 651 #0 - SUBJECT ADDED ENTRY--GEOGRAPHIC NAME |
| Geographic name |
Spain |
| General subdivision |
Politics and government |
| Chronological subdivision |
1886-1931. |
| 655 #0 - INDEX TERM--GENRE/FORM |
| Genre/form data or focus term |
Electronic books. |
| 700 1# - ADDED ENTRY--PERSONAL NAME |
| Personal name |
Salmerón y Alonso, Nicolás, |
| Dates associated with a name |
1838-1908. |
| 700 1# - ADDED ENTRY--PERSONAL NAME |
| Personal name |
Martínez López, Fernando, |
| Dates associated with a name |
1949- |
| 791 2# - |
| -- |
Digitalia (Firm), |
| -- |
distributor. |
| 793 0# - |
| -- |
Digitalia eBook Collection: |
| -- |
Biblioteca Nueva |
| 830 #0 - SERIES ADDED ENTRY--UNIFORM TITLE |
| Uniform title |
Colección Historia (Biblioteca Nueva (Firm)). |
| 856 40 - ELECTRONIC LOCATION AND ACCESS |
| Materials specified |
Digitalia Hispánica |
| Uniform Resource Identifier |
<a href="https://www.digitaliapublishing.com/a/5355/">https://www.digitaliapublishing.com/a/5355/</a> |
| 910 ## - USER-OPTION DATA (OCLC) |
| User-option data |
Premium Collection: 2007-2012 |
| 942 ## - ADDED ENTRY ELEMENTS (KOHA) |
| Koha item type |
Recurso Electrónico |